Click Quiz: University in different Languages - Statistics

General Stats
  • This quiz has been taken 216 times
  • The average score is 8 of 16
Answer Stats
Hint Answer % Correct
Université French
96%
Universidad Spanish
91%
Universität German
68%
Università Italian
64%
Uniwersytet Polish
59%
Universiteit Dutch
55%
Yliopisto Finnish
53%
Universitatea Romanian
49%
Sveučilište Croatian
48%
Egyetem Hungarian
46%
Háskólinn Icelandic
41%
Üniversite Turkish
39%
Universitetas Lithuanian
35%
Ülikool Estonian
34%
Universitet Swedish
34%
Universitāte Latvian
32%
No matching quizzes found
Score Distribution
Percent of People with Each Score
Percentile by Number Answered
Your Score History
You have not taken this quiz